Best Original Score Nominees of the 21st Century - Statistics

General Stats
  • This quiz has been taken 10 times
  • The average score is 78 of 125
Answer Stats
Year Composers Nominees % Correct
2019 Thomas Newman 1917
100%
2018 Ludwig Göransson Black Panther
100%
2005 Gustavo Santaolalla Brokeback Mountain
100%
2024 Volker Bertelmann Conclave
100%
2000 Tan Dun Crouching Tiger, Hidden Dragon
100%
2021 Hans Zimmer Dune
100%
2024 Clément Ducol and Camille Emilia Pérez
100%
2004 Jan A. P. Kaczmarek Finding Neverland
100%
2010 Hans Zimmer Inception
100%
2023 John Williams Indiana Jones and the Dial of Destiny
100%
2019 Hildur Guðnadóttir Joker
100%
2016 Justin Hurwitz La La Land
100%
2012 John Williams Lincoln
100%
2019 Randy Newman Marriage Story
100%
2016 Nicholas Britell Moonlight
100%
2023 Ludwig Göransson Oppenheimer
100%
2023 Jerskin Fendrix Poor Things
100%
2007 Michael Giacchino Ratatouille
100%
2019 John Williams Star Wars: The Rise of Skywalker
100%
2011 Ludovic Bource The Artist
100%
2024 Daniel Blumberg The Brutalist
100%
2022 John Williams The Fabelmans
100%
2014 Alexandre Desplat The Grand Budapest Hotel
100%
2015 Ennio Morricone The Hateful Eight
100%
2003 Howard Shore The Lord of the Rings: The Return of the King
100%
2024 Kris Bowers The Wild Robot
100%
2009 Michael Giacchino Up
100%
2008 Thomas Newman WALL-E
100%
2011 John Williams War Horse
100%
2024 John Powell and Stephen Schwartz Wicked
100%
2022 Volker Bertelmann All Quiet on the Western Front
75%
2012 Alexandre Desplat Argo
75%
2007 Dario Marianelli Atonement
75%
2006 Gustavo Santaolalla Babel
75%
2022 Justin Hurwitz Babylon
75%
2003 Danny Elfman Big Fish
75%
2018 Terence Blanchard BlacKkKlansman
75%
2015 Carter Burwell Carol
75%
2000 Rachel Portman Chocolat
75%
2021 Nicholas Britell Don't Look Up
75%
2017 Hans Zimmer Dunkirk
75%
2022 Son Lux Everything Everywhere All at Once
75%
2000 Hans Zimmer Gladiator
75%
2013 Stephen Price Gravity
75%
2010 John Powell How to Train Your Dragon
75%
2011 Howard Shore Hugo
75%
2018 Nicholas Britell If Beale Street Could Talk
75%
2014 Hans Zimmer Interstellar
75%
2018 Alexandre Desplat Isle of Dogs
75%
2023 Robbie Robertson Killers of the Flower Moon
75%
2019 Alexandre Desplat Little Women
75%
2018 Marc Shaiman Mary Poppins Returns
75%
2008 Danny Elfman Milk
75%
2014 Gary Yershon Mr. Turner
75%
2005 John Williams Munich
75%
2020 James Newton Howard News of the World
75%
2017 Jonny Greenwood Phantom Thread
75%
2008 A. R. Rahman Slumdog Millionaire
75%
2020 Trent Reznor, Atticus Ross& Jon Batiste Soul
75%
2015 John Williams Star Wars: The Force Awakens
75%
2017 John Williams Star Wars: The Last Jedi
75%
2011 John Williams The Adventures of Tintin
75%
2022 Carter Burwell The Banshees of Inisherin
75%
2008 Alexandre Desplat The Curious Case of Benjamin Button
75%
2009 Marco Beltrami and Buck Sanders The Hurt Locker
75%
2014 Alexandre Desplat The Imitation Game
75%
2001 Howard Shore The Lord of the Rings: The Fellowship of the Ring
75%
2017 Alexandre Desplat The Shape of Water
75%
2010 Trent Reznor and Atticus Ross The Social Network
75%
2017 Carter Burwell Three Billboards Outside Ebbing, Missouri
75%
2001 John Williams A.I. Artificial Intelligence
50%
2023 Laura Karpman American Fiction
50%
2009 James Horner Avatar
50%
2015 Thomas Newman Bridge of Spies
50%
2020 Terence Blanchard Da 5 Bloods
50%
2002 Elliot Goldenthal Frida
50%
2016 Mica Levi Jackie
50%
2020 Trent Reznor and Atticus Ross Mank
50%
2007 James Newton Howard Michael Clayton
50%
2020 Emile Mosseri Minari
50%
2001 Randy Newman Monsters, Inc.
50%
2006 Javier Navarrete Pan's Labyrinth
50%
2021 Alberto Iglesias Parallel Mothers
50%
2016 Thomas Newman Passengers
50%
2013 Alexandre Desplat Philomena
50%
2013 John Williams The Book Thief
50%
2010 Alexandre Desplat The King's Speech
50%
2021 Jonny Greenwood The Power of the Dog
50%
2006 Alexandre Desplat The Queen
50%
2014 Jóhann Jóhannsson The Theory of Everything
50%
2010 A. R. Rahman 127 Hours
25%
2007 Marco Beltrami 3:10 to Yuma
25%
2001 James Horner A Beautiful Mind
25%
2012 Dario Marianelli Anna Karenina
25%
2002 John Williams Catch Me If You Can
25%
2003 Gabriel Yared Cold Mountain
25%
2021 Germaine Franco Encanto
25%
2009 Alexandre Desplat Fantastic Mr. Fox
25%
2002 Elmer Bernstein Far from Heaven
25%
2003 Thomas Newman Finding Nemo
25%
2004 John Williams Harry Potter and the Prisoner of Azkaban
25%
2001 John Williams Harry Potter and the Sorcerer's Stone
25%
2013 Will Butler and Owen Pallett Her
25%
2003 James Horner House of Sand and Fog
25%
2012 Mychael Danna Life of Pi
25%
2016 Dustin O'Halloran and Volker Bertelmann Lion
25%
2000 Ennio Morricone Malèna
25%
2005 John Williams Memoirs of a Geisha
25%
2006 Philip Glass Notes on a Scandal
25%
2005 Dario Marianelli Pride & Prejudice
25%
2009 Hans Zimmer Sherlock Holmes
25%
2015 Jóhann Jóhannsson Sicario
25%
2012 Thomas Newman Skyfall
25%
2005 Alberto Iglesias The Constant Gardener
25%
2006 Thomas Newman The Good German
25%
2002 Philip Glass The Hours
25%
2004 John Debney The Passion of the Christ
25%
2000 John Williams The Patriot
25%
2004 James Newton Howard The Village
25%
2011 Alberto Iglesias Tinker Tailor Soldier Spy
25%
2008 James Newton Howard Defiance
0%
2004 Thomas Newman Lemony Snicket's A Series of Unfortunate Events
0%
2002 Thomas Newman Road to Perdition
0%
2013 Thomas Newman Saving Mr. Banks
0%
2007 Alberto Iglesias The Kite Runner
0%
No matching quizzes found
Score Distribution
Percent of People with Each Score
Percentile by Number Answered
Your Score History
You have not taken this quiz